Statistiques concernant Pays étrangers qui ont participé au défilé du 14 juillet

Cliquez ici pour prendre le quiz!

Statistiques générales

  • Ce quiz a été pris 92 fois
    (85 depuis la dernière actualisation)
  • Le résultat moyen est 45 sur 65

Statistiques - réponses

DatePays% Correct
2007-2021Espagne
99%
2021Task Force Takuba ( France, Belgique, Estonie, Italie, Pays-Bas, Portugal, Suède, République tchèque)
99%
1916-1918-1919-2007-2014-2021Belgique
96%
1918-1919-2014-2017États-Unis
96%
1916-1918-1919-1939-2004-2007Royaume-Uni
96%
1994-2007-2014Allemagne
94%
2014Chine
94%
1918-1919-2007Italie
94%
1919-2014Japon
92%
2018Japon
92%
1919-2007Portugal
92%
1916-2014Russie
92%
1930-2014Algérie
90%
2005Brésil
90%
2014Canada
90%
1918-1919-2009-2023Inde
90%
1999-2014Maroc
89%
2007Suède
86%
2015Mexique
82%
2007-2014Autriche
80%
2014-2016Australie
79%
2014Tunisie
79%
1918-1919-2007-2014Grèce
77%
1919-2007-2022Roumanie
76%
2014Sénégal
76%
2010Sénégal
76%
2014Afrique du Sud
75%
2007-2022Hongrie
75%
1918-1919-2007-2014-2022Pologne
75%
2014Turquie
75%
2007-2014Irlande
73%
2010Mali
73%
2007Finlande
72%
1918-1919-2014Serbie
72%
2007-2022Bulgarie
70%
2010Congo
70%
2007-2014Danemark
70%
2010Côte d'ivoire (représenté mais de défile pas)
69%
2007-2022Estonie
68%
2007Luxembourg
68%
2013Croatie
66%
2007-2022République tchèque
66%
2007-2022Slovaquie
66%
2007-2022Lituanie
65%
2007Slovénie
63%
2010Cameroun
62%
2007-2014-2022Lettonie
61%
2014-2016Nouvelle-Zélande
59%
2010Niger
52%
1919Siam
49%
2014Biélorussie
48%
2010Tchad
48%
2014Albanie
45%
2014Vietnam
45%
2010Burkina Faso
42%
2007Malte
39%
2010Bénin
38%
2010Mauritanie
38%
2010Togo
38%
2010République centrafricaine
37%
2007Chypre
35%
2010Gabon
35%
2010Madagascar
30%
2018Singapour
25%
1918-1919*Tchécoslovaquie
13%

Distribution des résultats

Percentile par nombre de réponses

% des personnes avec chaque résultat

Votre développement - résultats

Vous n’avez pas pris ce quiz depuis la dernière actualisation